| 000 | 00442nam a2200157 a 4500 | ||
|---|---|---|---|
| 001 | 4586 | ||
| 005 | 20180713184444.0 | ||
| 008 | 140415s1958 000 0 spa d | ||
| 041 | _aspa | ||
| 082 |
_a720.46 _bMAT |
||
| 100 | 1 | _aMATHEU MULET, PEDRO ANTONIO | |
| 245 | 1 | 0 | _aPALMA DE MALLORCA MONUMENTAL |
| 260 |
_a[s.l.] : _bPLUS ULTRA, _c1958 |
||
| 490 | _aLOS MONUMENTOS CARDINALES DE ESPAÑA | ||
| 650 | 1 | 4 |
_aMONUMENTOS _xESPAA |
| 999 |
_c4586 _d4586 |
||